The wise man's fear / (Post nr. 8158)
[ visa ren ]
| 000 -LEADER | |
|---|---|
| fixed length control field | 00661cam a22002177a 4500 |
| 001 - CONTROL NUMBER | |
| control field | 59131 |
| 005 - DATE AND TIME OF LATEST TRANSACTION | |
| control field | 20200226102622.0 |
| 008 - FIXED-LENGTH DATA ELEMENTS--GENERAL INFORMATION | |
| fixed length control field | 141106s2012 xxk|||| |00| 1 eng c |
| 020 ## - INTERNATIONAL STANDARD BOOK NUMBER | |
| International Standard Book Number | 9780575081437 |
| 035 ## - SYSTEM CONTROL NUMBER | |
| System control number | (BOKR)9780575081437 |
| 035 ## - SYSTEM CONTROL NUMBER | |
| System control number | (SE-LIBR)17118760 |
| 082 04 - DEWEY DECIMAL CLASSIFICATION NUMBER | |
| Classification number | 823 |
| Edition number | 22 (machine generated) |
| 084 ## - OTHER CLASSIFICATION NUMBER | |
| Classification number | He.01 |
| Number source | kssb/8 |
| 100 1# - MAIN ENTRY--PERSONAL NAME | |
| Personal name | Rothfuss, Patrick, |
| Dates associated with a name | 1973- |
| Authority record control number or standard number | 348382 |
| 245 14 - TITLE STATEMENT | |
| Title | The wise man's fear / |
| Statement of responsibility, etc. | Patrick Rothfuss |
| 260 ## - PUBLICATION, DISTRIBUTION, ETC. | |
| Place of publication, distribution, etc. | London : |
| Name of publisher, distributor, etc. | Gollancz, |
| Date of publication, distribution, etc. | 2012 |
| 300 ## - PHYSICAL DESCRIPTION | |
| Extent | 993 s. ; |
| Dimensions | 20 cm |
| 490 0# - SERIES STATEMENT | |
| Series statement | The kingkiller chronicle ; |
| Volume/sequential designation | day two |
| 588 ## - SOURCE OF DESCRIPTION NOTE | |
| Source of description note | BOKR: Ursprungligen utgiven av Orion publishing co |
| 655 ## - INDEX TERM--GENRE/FORM | |
| Genre/form data or focus term | Pocketbc̲ker |
Inga exemplar finns tillgängliga.